01508cam a22003614i 4500003000900000005001700009008004100026035001800067040003300085082001900118100003900137245004100176264003900217300002800256336002100284337002500305338002300330490004200353504003900395505057400434526001001008526001001018526001001028526001001038526000801048526000801056526000801064526000801072526000801080526000801088526000801096650004201104PE-LiUPU20250731173514.0150616s r 000 0 d a(Sirsi) a7785 aPE-LiUPUbspacPE-LiUPUerda04a270.9bS292211 aScott Latourette, Kenneth,eautor.14aThe Twentieth Century in Europe.n4. 1aNew york :bHarper and Row,c1969. a568 páginas ;c21 cm. atext2rdacontent aunmediated2rdamedia avolume2rdacarrier0 aContemporary Evangelical Perspectives aBibliografía: páginas 545-560.0 aThe revolution is augmented, becomes world-wide and further challenges christianity.- An inclusive picture.- The place of the papacy.- The roman catholic church is reinforced by the growth of orders and congregations and by lay organizations.- Worship and devotional life of roman catholics.- The intellectual response of roman catholics.- The countru-By-Country couse of the roman cathholic church.- Thhe share of european roman ctholics in the world-wide spread of the faith.- Roman catholic efforts for christian unity: the Eluropean Phase.- By way of introduction. aSEG42 aSEG41 aSEG40 aSEG39 aP94 aP87 aP86 aP85 aP77 aP76 aP3504aIGLESIA - EUROPA ORIENTAL - HISTORIA.